| 000 | 00458nam a22001217a 4500 | ||
|---|---|---|---|
| 082 | _a200 THE | ||
| 100 |
_aBakhtawar Bint Amjad _969802 |
||
| 245 | _aTH-SOF-1531-Optimal Frequency and Slot Assignment for MAC Layer Protocol in a Hybrid Narrowband and Wideband Physical Layer Con guration in an SDR | ||
| 260 |
_aIslamabad _bNUST College of EME _c2018 |
||
| 650 |
_aMS-CSE-15 MSTHESIS . _969366 |
||
| 700 |
_a Advisor Dr. Shoab Ahmad Khan _969803 |
||
| 942 | _cCF | ||
| 999 |
_c576921 _d576921 |
||